000 01137nam a2200253Ia 4500
003 PE SENCICO BE
005 20260219153648.0
008 200515s9999 xx 000 0 und d
040 _aPE SENCICO BE
_cPE SENCICO BE
041 _aspa
082 _a628.972/J74
110 1 _aManufacturas Metálicas JOSFEL
245 1 0 _aManual de iluminación /
_cManufacturas Metálicas Josfel
250 _a[1a ed.]
260 _aLima :
_bManufacturas Metálicas JOSFEL ;
_c1994
300 _a405 páginas :
_bilustraciones, tablas, gráficos, fotografías ;
_c20 cm.
504 _aBibliografía: p. 401
505 0 _aFísica de la luz -- Luz y visión -- El color -- Magnitudes luminosas fundamentales: unidades y medidas. Leyes fundamentales de la luminotecnia -- Fuentes de luz artificial: lámparas -- Equipos auxiliares -- Fotometría -- Luminarias -- Luminarias interior -- Alumbrado público -- Iluminación con proyectores (reflectores) -- Iluminación de seguridad
650 1 0 _aIluminación
_9328
650 2 0 _aLuminotecnia
_9329
650 2 0 _aFotometría
_9330
650 2 0 _aIluminación eléctrica
_9331
942 _cLIB
_2ddc
999 _c1318
_d1318